<?xml version="1.0" encoding="UTF-8"?>
<record
    xmlns:xsi="http://www.w3.org/2001/XMLSchema-instance"
    xsi:schemaLocation="http://www.loc.gov/MARC21/slim http://www.loc.gov/standards/marcxml/schema/MARC21slim.xsd"
    xmlns="http://www.loc.gov/MARC21/slim">

  <leader>01193nam a22002057a 4500</leader>
  <controlfield tag="003">OSt</controlfield>
  <controlfield tag="005">20181126103622.0</controlfield>
  <controlfield tag="008">180301b        xxu||||| |||| 00| 0 spa d</controlfield>
  <datafield tag="020" ind1=" " ind2=" ">
    <subfield code="a">9502000153</subfield>
  </datafield>
  <datafield tag="040" ind1=" " ind2=" ">
    <subfield code="c">PJ</subfield>
  </datafield>
  <datafield tag="100" ind1=" " ind2=" ">
    <subfield code="9">564</subfield>
    <subfield code="a">Garc&#xED;a Belsunce, Horacio A.</subfield>
  </datafield>
  <datafield tag="245" ind1="1" ind2="0">
    <subfield code="a">Temas de derecho tributario /</subfield>
    <subfield code="c">Horacio A. Garc&#xED;a Belsunce.</subfield>
  </datafield>
  <datafield tag="260" ind1=" " ind2=" ">
    <subfield code="a">Buenos Aires :</subfield>
    <subfield code="b">Abeledo-Perrot,</subfield>
    <subfield code="c">1982.</subfield>
  </datafield>
  <datafield tag="300" ind1=" " ind2=" ">
    <subfield code="a">283 p.</subfield>
    <subfield code="c">23 cm.</subfield>
  </datafield>
  <datafield tag="505" ind1=" " ind2=" ">
    <subfield code="a">Contenido:
El derecho fiscal y su autonom&#xED;a en la obra del profesor Rafael Bielsa -- La autonom&#xED;a del derecho tributario frente a la legislaci&#xF3;n tributaria provincial -- Principios de imposici&#xF3;n -- Las garant&#xED;as constitucionales del contribuyente --  La interpretaci&#xF3;n de la ley tributaria -- Doble imposici&#xF3;n internacional -- Impuestos y tasas municipales -- Estudio sobre el derecho de la patente. Su legalidad y constitucionalidad -- Contribuciones municipales sobre inmuebles de la Capital Federal. Legitimidad jur&#xED;dica -- La influencia de la ley fiscal sobre los contratos -- El c&#xF3;digo aduanero .</subfield>
  </datafield>
  <datafield tag="650" ind1=" " ind2="0">
    <subfield code="9">339</subfield>
    <subfield code="a">DERECHO TRIBUTARIO</subfield>
  </datafield>
  <datafield tag="650" ind1=" " ind2="0">
    <subfield code="a">IMPUESTOS </subfield>
    <subfield code="9">695</subfield>
  </datafield>
  <datafield tag="650" ind1=" " ind2="0">
    <subfield code="a">LEY TRIBUTARIA</subfield>
    <subfield code="9">3175</subfield>
  </datafield>
  <datafield tag="942" ind1=" " ind2=" ">
    <subfield code="2">udc</subfield>
    <subfield code="c">LIB</subfield>
    <subfield code="h">336.2</subfield>
    <subfield code="i">GAR</subfield>
  </datafield>
  <datafield tag="999" ind1=" " ind2=" ">
    <subfield code="c">2035</subfield>
    <subfield code="d">2035</subfield>
  </datafield>
  <datafield tag="952" ind1=" " ind2=" ">
    <subfield code="0">0</subfield>
    <subfield code="1">0</subfield>
    <subfield code="2">udc</subfield>
    <subfield code="4">0</subfield>
    <subfield code="7">0</subfield>
    <subfield code="a">DJS</subfield>
    <subfield code="b">DJS</subfield>
    <subfield code="d">2018-11-24</subfield>
    <subfield code="o">336.2 GAR</subfield>
    <subfield code="p">1502</subfield>
    <subfield code="r">2018-11-24</subfield>
    <subfield code="w">2018-11-24</subfield>
    <subfield code="y">LIB</subfield>
  </datafield>
</record>
